Normal view
MARC view
- English Syntax -English
Entry Topical Term
001 - CONTROL NUMBER
- control field: 3501
003 - CONTROL NUMBER IDENTIFIER
- control field: JO-AjAnu
005 - DATE AND TIME OF LATEST TRANSACTION
- control field: 20230606070857.0
008 - FIXED-LENGTH DATA ELEMENTS
- fixed length control field: 230606|| aca||aabn | a|a d
040 ## - CATALOGING SOURCE
- Original cataloging agency: JO-AjAnu
- Transcribing agency: JO-AjAnu
150 ## - HEADING--TOPICAL TERM
- Topical term or geographic name entry element: English Syntax -English
670 ## - SOURCE DATA FOUND
- Source citation: Work cat.: (JO-AjAnu)1826: تأليف Radford,Andrew, author 3500, English Syntax :An Introduction